Представление документа в формате RUSMARC

ПолеНазваниеЗначение
  Тип записи a
  Библиографический уровень m
001 Контрольный номер RU/IS/BASE/314382048
005 Дата корректировки 20201206204708.6
010 Индекс ISBN __
d Цена 1-20
101 Язык документа __
a Язык текста rus
200 Заглавие и сведения об ответственности 1_
a Заглавие Советская кавалерия
e Сведения, относящиеся к заглавию военно-ист. очерк
f Первые сведения об ответственности [А. Я. Сошников [и др.]
b Общее обозначение материала Текст
210 Выходные данные __
a Место издания М.
c Издательство Воениздат
d Дата издания 1984
215 Физическое описание __
a Объем 319 с., [16] л. ил.
606 Тематические рубрики __
a Основная рубрика Военное дело
606 Тематические рубрики __
a Основная рубрика Вооруженные силы СССР и России
610 Ключевые слова __
a Ключевые слова кавалеристы; ВОВ; конница
686 Индексы других классификаций __
a Классификационный индекс 68.49(2)
702 Вторичная интеллектуальная ответственность _1
a Фамилия Сошников
b Имя А. Я
4 Код отношения Автор
801 Источник записи _0
a Страна RU
b Организация Муниципальное бюджетное учреждение культуры "Централизованная библиотечная система" г. Сургут (Центральная городская библиотека им. А. С. Пушкина)
g Правила каталогизации КиК/Уланова
801 Источник записи _1
a Страна RU
b Организация Муниципальное бюджетное учреждение культуры "Централизованная библиотечная система" г. Сургут (Центральная городская библиотека им. А. С. Пушкина)
g Правила каталогизации КиК/Уланова
852 Данные о местонахождении __
j Шифр хранения 68.49(2)
i Авторский знак С 56
p Инвентарный номер 18821
901 Тип документа __
t Тип документа m
903 Характеристики (МАРС) __
a Дата передачи 20091217
990 Данные о заказе (DOS) __
j Количество экземпляров (DOS) 1
t N записи в КСУ для И/У (DOS) ретро 2